Papers of Sophonisba P. Breckinridge (1866-1948).

Bibliographic Details
Main Author: Breckinridge, Sophonisba P. (Sophonisba Preston), 1866-1948
Format: Microform Book
Language:English
Published: [Washington, D.C.] : Library of Congress, Photoduplication Service, 1981.
Subjects:

MARC

Tag First Indicator Second Indicator Subfields
LEADER 00000cam a2200000Ia 4500
001 in00001761803
005 20200606063038.0
007 hd afu buca
008 850508s1981 dcu a 000 0beng d
035 |a (OCoLC)ocm12009441 
040 |a CLU  |c CLU  |d OCL  |d UtOrBLW 
043 |a n-us--- 
049 |a TXAM 
090 |a HV28.A2  |b B73 1981 
100 1 |a Breckinridge, Sophonisba P.  |q (Sophonisba Preston),  |d 1866-1948. 
245 1 0 |a Papers of Sophonisba P. Breckinridge (1866-1948). 
246 1 |i Title on container:  |a Sophonisba Breckinridge 
264 1 |a [Washington, D.C.] :  |b Library of Congress, Photoduplication Service,  |c 1981. 
300 |a 37 microfilm reels ;  |c 35 mm. 
336 |a text  |b txt  |2 rdacontent 
337 |a microform  |b h  |2 rdamedia 
338 |a microfilm reel  |b hd  |2 rdacarrier 
500 |a The papers of Sophonisba P. Breckinridge, comprising containers 739-778 of the Breckinridge family papers. 
500 |a Microform. 
600 1 0 |a Breckinridge, Sophonisba Preston,  |d 1866-1948  |x Archives. 
600 3 0 |a Breckinridge family  |x Archives. 
650 0 |a Social reformers  |z United States. 
948 |a cataloged  |b h  |c 2003/8/12  |d c  |e ceaton  |f 12:24:39 pm 
994 |a E0  |b TXA 
999 |a MARS 
999 f f |s 889b5987-0985-3a5a-b076-b36088eb22ce  |i c4cfc541-c6e1-3cce-9462-b93f38eada67  |t 0 
952 f f |p normal  |a Texas A&M University  |b College Station  |c Sterling C. Evans Library  |s Evans mtxt film  |d Evans: Microforms Film (3rd floor)  |t 0  |e HV28.A2 B73 1981  |h Library of Congress classification  |i microform -- microfilm reel  |k reel 15  |m A14830472721 
952 f f |p normal  |a Texas A&M University  |b College Station  |c Sterling C. Evans Library  |s Evans mtxt film  |d Evans: Microforms Film (3rd floor)  |t 0  |e HV28.A2 B73 1981  |h Library of Congress classification  |i microform -- microfilm reel  |k reel 22  |m A14830473002 
952 f f |p normal  |a Texas A&M University  |b College Station  |c Sterling C. Evans Library  |s Evans mtxt film  |d Evans: Microforms Film (3rd floor)  |t 0  |e HV28.A2 B73 1981  |h Library of Congress classification  |i microform -- microfilm reel  |k reel 28  |m A14830472616 
952 f f |p normal  |a Texas A&M University  |b College Station  |c Sterling C. Evans Library  |s Evans mtxt film  |d Evans: Microforms Film (3rd floor)  |t 0  |e HV28.A2 B73 1981  |h Library of Congress classification  |i microform -- microfilm reel  |k reel 25  |m A14830473125 
952 f f |p normal  |a Texas A&M University  |b College Station  |c Sterling C. Evans Library  |s Evans mtxt film  |d Evans: Microforms Film (3rd floor)  |t 0  |e HV28.A2 B73 1981  |h Library of Congress classification  |i microform -- microfilm reel  |k reel 36  |m A14830472933 
952 f f |p normal  |a Texas A&M University  |b College Station  |c Sterling C. Evans Library  |s Evans mtxt film  |d Evans: Microforms Film (3rd floor)  |t 0  |e HV28.A2 B73 1981  |h Library of Congress classification  |i microform -- microfilm reel  |k reel 4  |m A14830472315 
952 f f |p normal  |a Texas A&M University  |b College Station  |c Sterling C. Evans Library  |s Evans mtxt film  |d Evans: Microforms Film (3rd floor)  |t 0  |e HV28.A2 B73 1981  |h Library of Congress classification  |i microform -- microfilm reel  |k reel 33  |m A14830472810 
952 f f |p normal  |a Texas A&M University  |b College Station  |c Sterling C. Evans Library  |s Evans mtxt film  |d Evans: Microforms Film (3rd floor)  |t 0  |e HV28.A2 B73 1981  |h Library of Congress classification  |i microform -- microfilm reel  |k reel 1  |m A14830472195 
952 f f |p normal  |a Texas A&M University  |b College Station  |c Sterling C. Evans Library  |s Evans mtxt film  |d Evans: Microforms Film (3rd floor)  |t 0  |e HV28.A2 B73 1981  |h Library of Congress classification  |i microform -- microfilm reel  |k reel 30  |m A14830472690 
952 f f |p normal  |a Texas A&M University  |b College Station  |c Sterling C. Evans Library  |s Evans mtxt film  |d Evans: Microforms Film (3rd floor)  |t 0  |e HV28.A2 B73 1981  |h Library of Congress classification  |i microform -- microfilm reel  |k reel 5  |m A14830472357 
952 f f |p normal  |a Texas A&M University  |b College Station  |c Sterling C. Evans Library  |s Evans mtxt film  |d Evans: Microforms Film (3rd floor)  |t 0  |e HV28.A2 B73 1981  |h Library of Congress classification  |i microform -- microfilm reel  |k reel 20  |m A14830472925 
952 f f |p normal  |a Texas A&M University  |b College Station  |c Sterling C. Evans Library  |s Evans mtxt film  |d Evans: Microforms Film (3rd floor)  |t 0  |e HV28.A2 B73 1981  |h Library of Congress classification  |i microform -- microfilm reel  |k reel 11  |m A14830472569 
952 f f |p normal  |a Texas A&M University  |b College Station  |c Sterling C. Evans Library  |s Evans mtxt film  |d Evans: Microforms Film (3rd floor)  |t 0  |e HV28.A2 B73 1981  |h Library of Congress classification  |i microform -- microfilm reel  |k reel 34  |m A14830472852 
952 f f |p normal  |a Texas A&M University  |b College Station  |c Sterling C. Evans Library  |s Evans mtxt film  |d Evans: Microforms Film (3rd floor)  |t 0  |e HV28.A2 B73 1981  |h Library of Congress classification  |i microform -- microfilm reel  |k reel 35  |m A14830472894 
952 f f |p normal  |a Texas A&M University  |b College Station  |c Sterling C. Evans Library  |s Evans mtxt film  |d Evans: Microforms Film (3rd floor)  |t 0  |e HV28.A2 B73 1981  |h Library of Congress classification  |i microform -- microfilm reel  |k reel 32  |m A14830472771 
952 f f |p normal  |a Texas A&M University  |b College Station  |c Sterling C. Evans Library  |s Evans mtxt film  |d Evans: Microforms Film (3rd floor)  |t 0  |e HV28.A2 B73 1981  |h Library of Congress classification  |i microform -- microfilm reel  |k reel 18  |m A14830472844 
952 f f |p normal  |a Texas A&M University  |b College Station  |c Sterling C. Evans Library  |s Evans mtxt film  |d Evans: Microforms Film (3rd floor)  |t 0  |e HV28.A2 B73 1981  |h Library of Congress classification  |i microform -- microfilm reel  |k reel 9  |m A14830472519 
952 f f |p normal  |a Texas A&M University  |b College Station  |c Sterling C. Evans Library  |s Evans mtxt film  |d Evans: Microforms Film (3rd floor)  |t 0  |e HV28.A2 B73 1981  |h Library of Congress classification  |i microform -- microfilm reel  |k reel 23  |m A14830473044 
952 f f |p normal  |a Texas A&M University  |b College Station  |c Sterling C. Evans Library  |s Evans mtxt film  |d Evans: Microforms Film (3rd floor)  |t 0  |e HV28.A2 B73 1981  |h Library of Congress classification  |i microform -- microfilm reel  |k reel 31  |m A14830472739 
952 f f |p normal  |a Texas A&M University  |b College Station  |c Sterling C. Evans Library  |s Evans mtxt film  |d Evans: Microforms Film (3rd floor)  |t 0  |e HV28.A2 B73 1981  |h Library of Congress classification  |i microform -- microfilm reel  |k reel 16  |m A14830472763 
952 f f |p normal  |a Texas A&M University  |b College Station  |c Sterling C. Evans Library  |s Evans mtxt film  |d Evans: Microforms Film (3rd floor)  |t 0  |e HV28.A2 B73 1981  |h Library of Congress classification  |i microform -- microfilm reel  |k reel 24  |m A14830473086 
952 f f |p normal  |a Texas A&M University  |b College Station  |c Sterling C. Evans Library  |s Evans mtxt film  |d Evans: Microforms Film (3rd floor)  |t 0  |e HV28.A2 B73 1981  |h Library of Congress classification  |i microform -- microfilm reel  |k reel 10  |m A14830472551 
952 f f |p normal  |a Texas A&M University  |b College Station  |c Sterling C. Evans Library  |s Evans mtxt film  |d Evans: Microforms Film (3rd floor)  |t 0  |e HV28.A2 B73 1981  |h Library of Congress classification  |i microform -- microfilm reel  |k reel 26  |m A14830473167 
952 f f |p normal  |a Texas A&M University  |b College Station  |c Sterling C. Evans Library  |s Evans mtxt film  |d Evans: Microforms Film (3rd floor)  |t 0  |e HV28.A2 B73 1981  |h Library of Congress classification  |i microform -- microfilm reel  |k reel 8  |m A14830472470 
952 f f |p normal  |a Texas A&M University  |b College Station  |c Sterling C. Evans Library  |s Evans mtxt film  |d Evans: Microforms Film (3rd floor)  |t 0  |e HV28.A2 B73 1981  |h Library of Congress classification  |i microform -- microfilm reel  |k reel 29  |m A14830472658 
952 f f |p normal  |a Texas A&M University  |b College Station  |c Sterling C. Evans Library  |s Evans mtxt film  |d Evans: Microforms Film (3rd floor)  |t 0  |e HV28.A2 B73 1981  |h Library of Congress classification  |i microform -- microfilm reel  |k reel 7  |m A14830472438 
952 f f |p normal  |a Texas A&M University  |b College Station  |c Sterling C. Evans Library  |s Evans mtxt film  |d Evans: Microforms Film (3rd floor)  |t 0  |e HV28.A2 B73 1981  |h Library of Congress classification  |i microform -- microfilm reel  |k reel 13  |m A14830472640 
952 f f |p normal  |a Texas A&M University  |b College Station  |c Sterling C. Evans Library  |s Evans mtxt film  |d Evans: Microforms Film (3rd floor)  |t 0  |e HV28.A2 B73 1981  |h Library of Congress classification  |i microform -- microfilm reel  |k reel 27  |m A14830472577 
952 f f |p normal  |a Texas A&M University  |b College Station  |c Sterling C. Evans Library  |s Evans mtxt film  |d Evans: Microforms Film (3rd floor)  |t 0  |e HV28.A2 B73 1981  |h Library of Congress classification  |i microform -- microfilm reel  |k reel 17  |m A14830472802 
952 f f |p normal  |a Texas A&M University  |b College Station  |c Sterling C. Evans Library  |s Evans mtxt film  |d Evans: Microforms Film (3rd floor)  |t 0  |e HV28.A2 B73 1981  |h Library of Congress classification  |i microform -- microfilm reel  |k reel 12  |m A14830472608 
952 f f |p normal  |a Texas A&M University  |b College Station  |c Sterling C. Evans Library  |s Evans mtxt film  |d Evans: Microforms Film (3rd floor)  |t 0  |e HV28.A2 B73 1981  |h Library of Congress classification  |i microform -- microfilm reel  |k reel 19  |m A14830472886 
952 f f |p normal  |a Texas A&M University  |b College Station  |c Sterling C. Evans Library  |s Evans mtxt film  |d Evans: Microforms Film (3rd floor)  |t 0  |e HV28.A2 B73 1981  |h Library of Congress classification  |i microform -- microfilm reel  |k reel 3  |m A14830472276 
952 f f |p normal  |a Texas A&M University  |b College Station  |c Sterling C. Evans Library  |s Evans mtxt film  |d Evans: Microforms Film (3rd floor)  |t 0  |e HV28.A2 B73 1981  |h Library of Congress classification  |i microform -- microfilm reel  |k reel 37  |m A14830472975 
952 f f |p normal  |a Texas A&M University  |b College Station  |c Sterling C. Evans Library  |s Evans mtxt film  |d Evans: Microforms Film (3rd floor)  |t 0  |e HV28.A2 B73 1981  |h Library of Congress classification  |i microform -- microfilm reel  |k reel 2  |m A14830472234 
952 f f |p normal  |a Texas A&M University  |b College Station  |c Sterling C. Evans Library  |s Evans mtxt film  |d Evans: Microforms Film (3rd floor)  |t 0  |e HV28.A2 B73 1981  |h Library of Congress classification  |i microform -- microfilm reel  |k reel 6  |m A14830472399 
952 f f |p normal  |a Texas A&M University  |b College Station  |c Sterling C. Evans Library  |s Evans mtxt film  |d Evans: Microforms Film (3rd floor)  |t 0  |e HV28.A2 B73 1981  |h Library of Congress classification  |i microform -- microfilm reel  |k reel 14  |m A14830472682 
952 f f |p normal  |a Texas A&M University  |b College Station  |c Sterling C. Evans Library  |s Evans mtxt film  |d Evans: Microforms Film (3rd floor)  |t 0  |e HV28.A2 B73 1981  |h Library of Congress classification  |i microform -- microfilm reel  |k reel 21  |m A14830472967 
998 f f |a HV28.A2 B73 1981  |s reel 1-37  |t 0  |l Evans: Microforms Film (3rd floor)